Statistics for African Leaders #1

Click here to take the quiz!

General Stats

  • This quiz has been taken 65 times
  • The average score is 6 of 15

Answer Stats

Answer% Correct
Nelson R. Mandela
98%
Robert G. Mugabe
83%
Gamal Abdel Nasser
75%
Emperor Haile Selassie
63%
Paul Kagame
49%
Thomas I.N. Sankara
47%
Ellen Johnson Sirleaf
46%
Patrice E. Lumumba
42%
Jomo Kenyatta
41%
Kenneth D.B. Kaunda
22%
General Jan C. Smuts
20%
Hastings K. Banda
12%
Joshua M. Nkomo
10%
King Mzilikazi
5%
Sir Seretse G.M. Khama
3%

Score Distribution

Percentile by Number Answered

Percent of People with Each Score

Your Score History

You have not taken this quiz